The Ultimate Cycling Quiz - Statistics

General Stats
  • This quiz has been taken 1,028 times
  • The average score is 6 of 11
Answer Stats
Hint Answer % Correct
Won Tour de France 7 times on drugs Lance Armstrong
92%
Green Jersey winner at the Tour de France 2014 Peter Sagan
91%
First British Cyclist to Win the Tour de France Bradely Wiggins
83%
Won on the Champs Elysees 4 years in a row Mark Cavendish
80%
Tour de France Winner 2009 Alberto Contador
78%
Tour de France winner 1989 Greg LeMond
62%
Most successful Irish cyclist Sean Kelly
60%
World Champion 2014 Rui Costa
45%
Polka dot winner at Tour De France 2014 Rafal Majka
43%
Tallest Professional Cyclist Conor Dunne
11%
Smallest Professional Cyclist Domenico Pozzivivo
2%
No matching quizzes found
Score Distribution
Percent of People with Each Score
Percentile by Number Answered
Your Score History
You have not taken this quiz